Statistiques concernant France d'outre-mer e continental

Cliquez ici pour prendre le quiz!

Statistiques générales

  • Ce quiz a été pris 63 fois
  • Le résultat moyen est 11 sur 15

Statistiques - réponses

StatutRéponse% Correct
Département et région d'outre-merGuadeloupe
98%
Département et région d'outre-merMartinique
97%
Département et région d'outre-merGuyane
93%
Département et région d'outre-merMayotte
88%
France Européenne InsulaireCorse
86%
Collectivité sui generisNouvelle-Calédonie
83%
Collectivité d'outre-merSaint-Pierre-et-Miquelon
78%
Collectivité d'outre-merPolynésie Française
76%
Département et région d'outre-merLa Réunion
69%
Collectivité d'outre-merSaint-Martin
64%
Collectivité d'outre-merSaint-Barthélemy
62%
Collectivité d'outre-merWallis-et-Futuna
57%
Territoire spécialClipperton
47%
France Européenne ContinentalFrance Métropolitaine
45%
Territoire d'outre-merTerres Australes et Antarctiques Françaises
28%

Distribution des résultats

Percentile par nombre de réponses

% des personnes avec chaque résultat

Votre développement - résultats

Vous n’avez pas pris ce quiz